Role of Honour (Record no. 350824)

000 -LEADER
fixed length control field 00434nam a22001817a 4500
003 - CONTROL NUMBER IDENTIFIER
control field OSt
005 - DATE AND TIME OF LATEST TRANSACTION
control field 20180116183027.0
008 - FIXED-LENGTH DATA ELEMENTS--GENERAL INFORMATION
fixed length control field 151214b xxu||||| |||| 00| 0 eng d
020 ## - INTERNATIONAL STANDARD BOOK NUMBER
International Standard Book Number 0
040 ## - CATALOGING SOURCE
Transcribing agency 0
082 ## - DEWEY DECIMAL CLASSIFICATION NUMBER
Classification number 813.54 GAR 1984
100 ## - MAIN ENTRY--PERSONAL NAME
Personal name John Gardner's
245 ## - TITLE STATEMENT
Title Role of Honour
Statement of responsibility, etc. James Bond is Back in
260 ## - PUBLICATION, DISTRIBUTION, ETC.
Place of publication, distribution, etc. London
Name of publisher, distributor, etc. Coronet Book
Date of publication, distribution, etc. 1984
300 ## - PHYSICAL DESCRIPTION
Extent 222 p.
Other physical details PB
440 ## - SERIES STATEMENT/ADDED ENTRY--TITLE
Title Role of Honour
942 ## - ADDED ENTRY ELEMENTS (KOHA)
Source of classification or shelving scheme
Koha item type Book
Holdings
Withdrawn status Lost status Source of classification or shelving scheme Damaged status Not for loan Collection code Permanent Location Current Location Shelving location Date acquired Total Checkouts Total Renewals Full call number Barcode Date last seen Date last checked out Price effective from Koha item type
            Central Library (CL) Central Library (CL) Fiction 12/14/2015 1 2 813.54 GAR 1984 NBSD-2359 04/02/2022 01/10/2022 12/14/2015 Book
© 2023 Central Library, National University of Sciences and Technology. All Rights Reserved.